00441nam a2200181 a 4500001001300000003000900013005001700022008004100039020001000080082001300090100001700103245003100120260003400151300000900185500003500194650001300229700001700242nice12345678IN_TiNIC20260116013813.0070413s1994 dela grp 000 0 eng  ac54000a200bBEY aBeyer, Peter aReligion and Globalization aDelhibSage Publicationc1994 a250p aincludes index and biblioraphy aReligion1 aBeyer, Peter